| 000 | 00000nam##2200000za#4500 |
| 001 | 9.577532 |
| 003 | CaOODSP |
| 005 | 20210624185645 |
| 007 | cr ||||||||||| |
| 008 | 150406|1980||||xxc|||||o f|0| 0 eng|d |
| 022 | |a1488-5379 |
| 040 | |aCaOODSP|beng |
| 043 | |an-cn--- |
| 086 | 1 |aFs97-6/953E-PDF |
| 110 | 1 |aCanada. |bDepartment of Fisheries and Oceans. |
| 245 | 10|aAPL programs for stock assessment / |h[electronic resource]|cby D. Rivard. |
| 260 | |aOttawa - Ontario : |bFisheries and Oceans Canada |c1980. |
| 300 | |a110p.|btables |
| 490 | 1 |aCanadian technical report of fisheries and aquatic sciences|x1488-5379|vNo. 953 |
| 500 | |aOn t.p.: Fisheries Research Branch, Ottawa, Ontario. The catalogue number and ISSN for the print edition appear in the PDF version. |
| 546 | |a(Résumé en français) |
| 590 | |a13-24-Supp|b2013-10-18 |
| 720 | 1 |aRivard, Denis |
| 830 | #0|aCanadian technical report of fisheries and aquatic sciences,|x1488-5379|vNo. 953|w(CaOODSP)9.504449 |
| 856 | 40|ahttp://publications.gc.ca|qPDF|s7177 KB|uhttps://publications.gc.ca/collections/collection_2013/mpo-dfo/Fs97-6-953-eng.pdf|yNo. 953 |